000 00511nam a2200145Ia 4500
005 20260209120140.0
008 260209s9999||||xx |||||||||||||| ||und||
100 _aKanchan Lavania
245 0 _aSedition laws in India : a critical examination from human rights perspective
260 _aBangaloreBangalore
_bNLSIU
_c2018
300 _a132 p. ; 25 cm.
650 _aSedition Laws in India
700 _aProf. V S Mallar - GuideProf. V S Mallar - Guide
856 _uhttps://dans.nls.ac.in/handle/123456789/1529
999 _c217364
_d217364